Statistics for Treasure Island Franchise

Click here to take the quiz!

General Stats

  • This quiz has been taken 12 times
  • The average score is 25 of 45

Answer Stats

TypeYearNameInfo% Correct
Novel1883Treasure IslandRobert Louis Stevenson
100%
Film1973Treasure IslandWarner Bros.
100%
TV Mini-Series2012Treasure IslandSky1
100%
Film1999Treasure IslandColumbia TriStar
100%
TV Film1995Treasure IslandChannel 4
100%
TV Film1990Treasure IslandTNT
100%
Film1988Treasure IslandKievnauchfilm
100%
TV Film1987Treasure IslandABR
100%
Film1918Treasure IslandFox Film Corporation
100%
Video Game1984Treasure IslandMr. Micro
100%
Film1982Treasure IslandLenfilm
100%
TV Show1978-1979Treasure IslandNTV
100%
TV Mini-Series1977Treasure IslandBBC
100%
Film1985Treasure IslandCannon Films
100%
Film1972Treasure IslandNational General Pictures
100%
Film1934Treasure IslandMGM
100%
Film1950Treasure IslandDisney
100%
TV Mini-Series1966Treasure IslandZDF
100%
Film1920Treasure IslandParamount
100%
Film1954Long John SilverDistributors Corporation of America
63%
Film1982The Treasure PlanetBoyana Film
63%
Film2002Treasure PlanetDisney
63%
Film1996Muppet Treasure IslandDisney
50%
Video Game1996Muppet Treasure IslandActivision
50%
TV Show2014-2017Black SailsStarz
38%
Novel2001Jim Hawkins and the Curse of Treasure IslandFrank Delaney
25%
Musical1985Pieces of EightJule Styne
25%
TV Show1986Return to Treasure IslandDisney Channel
25%
Film1954Return to Treasure IslandUnited Artists
25%
Novel2012Silver: Return to Treasure IslandAndrew Motion
25%
Film1971Animal Treasure IslandToei Company
13%
Film1968Between God, the Devil and a WinchesterUnicorn Video
13%
Video Game2006Destination: Treasure IslandNobilis
13%
Film2018Doraemon the Movie: Nobita's Treasure IslandToho
13%
Film1969Franco, Ciccio and Blackbeard the PirateWest
13%
Novel1993GodspeedCharles Sheffield
13%
Video Game1978Pirate AdventureCreative Computing Software / Adventure International
13%
Film2006Pirates of Treasure IslandThe Asylum
13%
Manga1947Shin TakarajimaSakai Shichima
13%
TV Show1958The Adventures of Long John SilverABC
13%
TV Show1993-1995The Legends of Treasure IslandITV
13%
Novel2006The Resurrection CasketJustin Richards
13%
Film1938The Secret of Treasure IslandColumbia
13%
TV Mini-Series1987Treasure Island in Outer SpaceRAI 2
13%
Video Game2002Treasure Planet: Battle at ProcyonDisney Interactive
13%

Score Distribution

Percentile by Number Answered

Percent of People with Each Score

Your Score History

You have not taken this quiz